书目信息 |
| 题名: |
色彩心理学
|
|
| 作者: | 李敏 , 曹军 编著 | |
| 分册: | ||
| 出版信息: | 北京 中国华侨出版社 2016 |
|
| 页数: | 12,365页 | |
| 开本: | 25cm | |
| 丛书名: | ||
| 单 册: | ||
| 中图分类: | J063-05 | |
| 科图分类: | ||
| 主题词: | 色彩学--艺术心理学 | |
| 电子资源: | ||
| ISBN: | 978-7-5113-6186-8 | |
| 000 | 00808nam0 2200241 450 | |
| 001 | 1569 | |
| 005 | 20180522131041.98 | |
| 010 | @a978-7-5113-6186-8@dCNY59.00 | |
| 100 | @a20170215d2016 em y0chiy50 ea | |
| 101 | 0 | @achi |
| 102 | @aCN@b110000 | |
| 105 | @aa z 000yy | |
| 200 | 1 | @a色彩心理学@9se cai xin li xue@f李敏,曹军编著 |
| 210 | @a北京@c中国华侨出版社@d2016 | |
| 215 | @a12,365页@c图@d25cm | |
| 300 | @a超值全彩悦读馆 超值白金版 | |
| 330 | @a本书以理论联系实际,以事例为佐证,剖析了色彩心理学在社会生活各个方面的广泛应用以及色彩心理学对生活的巨大作用。内容涉及职场、恋爱、生活、设计、社交等方面。 | |
| 606 | 0 | @a色彩学@x艺术心理学 |
| 690 | @aJ063-05@v5 | |
| 701 | 0 | @a李敏@9li min@4编著 |
| 701 | 0 | @a曹军@9cao jun@4编著 |
| 801 | 0 | @aCN@b91MARC@c20170215 |
| 905 | @aMuseLib@dJ063-05@e399 | |
| 色彩心理学/李敏,曹军编著.-北京:中国华侨出版社,2016 |
| 12,365页:图;25cm |
| 超值全彩悦读馆 超值白金版 |
| ISBN 978-7-5113-6186-8:CNY59.00 |
| 本书以理论联系实际,以事例为佐证,剖析了色彩心理学在社会生活各个方面的广泛应用以及色彩心理学对生活的巨大作用。内容涉及职场、恋爱、生活、设计、社交等方面。 |
| ● |
| 相关链接 |
|
|
|
|
正题名:色彩心理学
索取号:J063-05/399
 
预约/预借
| 序号 | 登录号 | 条形码 | 馆藏地/架位号 | 状态 | 备注 |
| 1 | 1105299 | 211052992 | 第一借阅区/ [索取号:J063-05/399] | 在馆 | |
| 2 | 1105300 | 211053009 | 教育系资料室/ [索取号:J063-05/399] | 在馆 | |
| 3 | 1105301 | 211053018 | 教育系资料室/ [索取号:J063-05/399] | 在馆 | |
| 4 | 1105302 | 211053027 | 教育系资料室/ [索取号:J063-05/399] | 在馆 | |
| 5 | 1105303 | 211053036 | 第一借阅区/ [索取号:J063-05/399] | 在馆 | |
| 6 | 1105304 | 211053045 | 第一借阅区/ [索取号:J063-05/399] | 在馆 | |
| 7 | 999352 | 209993523 | 第一样本阅览室/ [索取号:J063-05/399] | 在馆 | |
| 8 | 999353 | 209993532 | 第一借阅区/ [索取号:J063-05/399] | 在馆 | |
| 9 | 999354 | 209993541 | 第一借阅区/ [索取号:J063-05/399] | 在馆 | |
| 10 | 999355 | 209993550 | 第一借阅区/ [索取号:J063-05/399] | 在馆 | |
| 11 | 999356 | 209993569 | 第一借阅区/ [索取号:J063-05/399] | 在馆 | |
| 12 | 999357 | 209993578 | 教育系资料室/ [索取号:J063-05/399] | 在馆 |